000 00543nam a2200181Ia 4500
001 43938
008 140425s9999 xx 000 0 und d
020 _a9789699325007
040 _cPK-LaUMT
082 _aRHC 327.54
_bJAH-B
100 _aJahangir Tamemi, Muhammad
245 _aBhaarti khaarja policy (Urdu)
_bek tajziyaati mutaalaa
_cJahangir Tamemi, Muhammad
260 _aLahore,Pakistan:
_bCenter for South Asian Studies, Punjab University,
_c2008
300 _a257 p.
546 _aUR
650 _aForeign policy-India
942 _cBK
999 _c41938
_d41938